书目信息 |
| 题名: |
从司马到司马
|
|
| 作者: | 孙立群 著 | |
| 分册: | ||
| 出版信息: | 北京 中华书局 2011.10 |
|
| 页数: | 290页 | |
| 开本: | 24cm | |
| 丛书名: | 百家讲坛 | |
| 单 册: | ||
| 中图分类: | K237.109 | |
| 科图分类: | ||
| 主题词: | 西晋时代--古代史--普及读物 | |
| 电子资源: | ||
| ISBN: | 978-7-101-08170-1 | |
| 000 | 00863oam2 2200265 45 | |
| 001 | 1237642200 | |
| 005 | 20120619095532.87 | |
| 010 | @a978-7-101-08170-1@dCNY35.00 | |
| 100 | @a20120223d2011 em y0chiy50 ea | |
| 101 | 0 | @achi |
| 102 | @aCN@b110000 | |
| 105 | @aa z 000yy | |
| 106 | @ar | |
| 200 | 1 | @a从司马到司马@ACong Si Ma Dao Si Ma@e西晋的历程@EXi Jin De Li Cheng@f孙立群著@FSun Li Qun Zhu |
| 210 | @a北京@c中华书局@d2011.10 | |
| 215 | @a290页@c图@d24cm | |
| 225 | 2 | @a百家讲坛 |
| 330 | @a本书不仅系统地讲述了西晋的历史发展过程,而且对魏晋之际的禅代和西晋灭亡的原因均提出了自己独到的见解。 | |
| 461 | 0 | @12001 @a百家讲坛 |
| 517 | 1 | @a西晋的历程@AXi Jin De Li Cheng |
| 606 | 0 | @a西晋时代@x古代史@j普及读物 |
| 690 | @aK237.109@v4 | |
| 701 | 0 | @a孙立群@ASun Li Qun@4著 |
| 801 | 0 | @aCN@bTSTCL@c20120604 |
| 905 | @b0817687-90@dK237.109@e45@f4 | |
| 从司马到司马:西晋的历程/孙立群著.-北京:中华书局,2011.10 |
| 290页:图;24cm.-(百家讲坛) |
| ISBN 978-7-101-08170-1:CNY35.00 |
| 本书不仅系统地讲述了西晋的历史发展过程,而且对魏晋之际的禅代和西晋灭亡的原因均提出了自己独到的见解。 |
| ● |
| 相关链接 |
|
|
|
|
正题名:从司马到司马
索取号:K237.109/45
 
预约/预借
| 序号 | 登录号 | 条形码 | 馆藏地/架位号 | 状态 | 备注 |
| 1 | 0817687 | 208176873 | 第二样本阅览室/ [索取号:K237.109/45] | 在馆 | |
| 2 | 0817688 | 208176882 | 第二借阅区/ [索取号:K237.109/45] | 在馆 | |
| 3 | 0817689 | 208176891 | 第二借阅区/ [索取号:K237.109/45] | 在馆 | |
| 4 | 0817690 | 208176908 | 第二借阅区/ [索取号:K237.109/45] | 在馆 |